The strategic prevention of gun violence among gang-involved offenders

Guardado en:  
Detalles Bibliográficos
Otros Autores: Braga, Anthony Allan 1969- (Otro)
Tipo de documento: Print Artículo
Lenguaje:Inglés
Publicado: 2008
En: Justice quarterly
Año: 2008, Volumen: 25, Número: 1, Páginas: [132]-162
Verificar disponibilidad: HBZ Gateway
Palabras clave:

MARC

LEADER 00000caa a2200000 c 4500
001 1622851919
003 DE-627
005 20220606124623.0
007 tu
008 080612s2008 xx ||||| 00| ||eng c
035 |a (DE-627)1622851919 
035 |a (DE-576)281678650 
035 |a (DE-599)BSZ281678650 
040 |a DE-627  |b ger  |c DE-627  |e rakwb 
041 |a eng 
245 0 4 |a The strategic prevention of gun violence among gang-involved offenders  |c Anthony A. Braga ... 
264 1 |c 2008 
336 |a Text  |b txt  |2 rdacontent 
337 |a ohne Hilfsmittel zu benutzen  |b n  |2 rdamedia 
338 |a Band  |b nc  |2 rdacarrier 
700 1 |a Braga, Anthony Allan  |d 1969-  |0 (DE-588)131457683  |0 (DE-627)509456081  |0 (DE-576)178106674  |4 oth 
773 0 8 |i In  |t Justice quarterly  |d Abingdon, Oxfordshire : Routledge, 1984  |g 25(2008), 1, Seite [132]-162  |w (DE-627)166984612  |w (DE-600)356637-7  |w (DE-576)015443914  |x 0741-8825  |7 nnas 
773 1 8 |g volume:25  |g year:2008  |g number:1  |g pages:[132]-162 
951 |a AR 
ELC |b 1 
LOK |0 000 xxxxxcx a22 zn 4500 
LOK |0 001 3247814825 
LOK |0 003 DE-627 
LOK |0 004 1622851919 
LOK |0 005 20250401122739 
LOK |0 008 080612||||||||||||||||ger||||||| 
LOK |0 040   |a DE-21-110  |c DE-627  |d DE-21-110 
LOK |0 689   |a s  |a Gewalt 
LOK |0 689   |a s  |a Schusswaffengebrauch 
LOK |0 689   |a s  |a Jugendgangs 
LOK |0 689   |a s  |a Gewaltprävention 
LOK |0 689   |a g  |a USA 
LOK |0 852   |a DE-21-110 
LOK |0 852 1  |m p  |9 00 
LOK |0 935   |a tre0 
LOK |0 938   |k p 
LOK |0 939   |a 12-06-08  |b l01 
ORI |a SA-MARC-krimdoka001.raw